banner-ar

الطاقة الروحية و اسرار النفس البشرية / (Record no. 62086)

MARC details
000 -الفاتح
حقل البيانات ثابتة الطول 01003nam a22002417a 4500
005 - وقت وتاريخ اخر تعامل مع التسجيلة
رقم الضبط 20240530110531.0
008 - عناصر البيانات ثابتة الطول - معلومات عامة
حقل البيانات ثابتة الطول 160316s2013 ua g b 000 0 ara d
017 ## - رقم الايداع القانونى
رقم الايداع القانونى 2013/1512
المصدر ( الهيئة المختصة) مصر . دار الكتب المصرية
020 ## - الرقم الدولى المعيارى للكتب
الرقم الدولى المعيارى للكتاب 9789776298958
040 ## - مصدر الفهرسة
وكالة الفهرسة الأصلية EG-CaGPL
082 14 - رقم تصنيف ديوى العشرى
رقم الطبعة 21
رقم التصنيف 128.1\
رقم المادة خ ط
100 0# - المدخل الرئيسى - إسم شخصى
الإسم الشخصى خبراء المجموعة العربية للتدريب و النشر
245 12 - بيان العنوان
العنوان الطاقة الروحية و اسرار النفس البشرية /
بيان المسئوليه,etc اعداد خبراء المجموعة العربية للتدريب و النشر
250 ## - بيان الطبعة
بيان الطبعة ط1
260 ## - PUBLICATION, DISTRIBUTION, ETC. (IMPRINT)
تاريخ النشر أو التوزيع 2013 .
300 ## - الوصف المادى
التعداد 96 ص ؛
أبعاد الوعاء 30 سم .
490 ## - بيان السلسلة
عنوان السلسلة المهارات السلوكية
504 ## - تبصرة ببليوجرافية
تبصرة ببليوجرافية,الخ يشتمل على ارجاعات ببليوجرافية
650 04 - المدخل الاضافى بالموضوع-مصطلح موضوعى
مصطلح موضوعي الطاقة الروحية
650 04 - المدخل الاضافى بالموضوع-مصطلح موضوعى
مصطلح موضوعي الطاقة
التقسيم الفرعي العام اشكال
942 ## - عناصر المدخل الإضافي( كوها)
مصدر التصنيف او مخطط الترفيف Dewey Decimal Classification
Koha [default] item type كتاب
260 ## - PUBLICATION, DISTRIBUTION, ETC. (IMPRINT)
-- القاهرة :
-- المجموعة العربية للتدريب و النشر ،
Holdings
حالة التراجع حالة الفقد حالة تلف ليس للاعارة المكان المؤقت الموقع الحالى تاريخ الاكتساب اجمالي اﻻعارات رقم الطلب الباركود تاريخ اخر مشاهدة تاريخ تفعيل السعر نوع وعاء كوها
        مكتبة القاهرة الكبرى مكتبة القاهرة الكبرى 03/16/2016   128.1\ خ ط 161615 03/16/2016 03/16/2016 كتاب

Powered By

EGPV